000 nam a22 7a 4500
999 _c7887
_d7887
008 171107b xxu||||| |||| 00| 0 eng d
100 _aSiddiqui.S.A.etal.
_91046
245 _aAccountancy-XI
260 _aNew Delhi
_bL.P.
_c2009